000 00646nam a2200229Ia 4500
003 OSt
005 20220926012849.0
006 a|||||r|||| 00| 0
007 ta
008 220923b |||||||| |||| 00| 0 eng d
037 _cGeneral Book
040 _aRTL
_cRTL
_beng
041 _2eng
_aeng
082 _aY73(P6).1.N6, K8/TD
100 _aFanon Frantz
_9115224
245 0 _aBlack skin white masks. Tr. by Charles Lam Markmann
260 _aNew York
_bGrove Weidenfeld
_c1968
300 _a232p
_ccm.
650 _aNegroes
942 _hY73(P6).1.N6, K8/TD
_cGB
_2CC
999 _c624535
_d624535